| 000 | 00725cam a2200229 a 4500 | ||
|---|---|---|---|
| 020 | _a0803109334 (pbk.) | ||
| 040 | _cDLC | ||
| 082 | 0 | 0 |
_a344 AST 1986 A065 Or. _a347.304465 |
| 245 | 0 | 0 |
_aHazard communication, issues and implementation : _ba symposium / |
| 260 |
_aPhiladelphia, PA : _bASTM, _cc1986. |
||
| 300 |
_a233 p. ; _c23 cm. |
||
| 500 | _a"ASTM publication code number (PCN) 04-932000-55." | ||
| 650 | 0 | _aIndustrial hygiene | |
| 650 | 0 | _aHazardous substances | |
| 650 | 0 | _aIndustrial safety | |
| 650 | 0 | _aIndustrial hygiene | |
| 650 | 0 | _aHazardous substances | |
| 650 | 0 | _aIndustrial safety | |
| 700 | 1 | _aBrower, James E. | |
| 710 | 2 | _aASTM Committee E-34 on Occupational Health and Safety. | |
| 942 | _cEK | ||
| 999 |
_c14304 _d14304 |
||